[Event "DVM U16 2016"]
[Site "Neumarkt in der Oberpfalz GER"]
[Date "2016.12.27"]
[Round "2"]
[White "Silber, Kevin"]
[Black "Ovsepyan, Arshak"]
[Result "0-1"]
[Termination "normal"]
[Board "1.1"]
[WhiteElo "2053"]
[BlackElo "2205"]
[WhiteClock "00:55:10"]
[BlackClock "00:58:03"]
[WhiteTeam "Delmenhorster SK"]
[BlackTeam "SK Gräfelfing"]
[PlyCount "52"]
[WhiteFideId "12930440"]
[BlackFideId "24690236"]
[EventCountry "GER"]
[EventRounds "7"]
[EventType "team-swiss"]
[EventDate "2016.12.26"]

1. e4 Nf6 2. Nc3 d5 3. exd5 Nxd5 4. Bc4 c6 5. Qf3 Nf6 6. Nge2 Bg4 7. Qg3 Nbd7
8. d4 {[%clk 1:25:19]} Nb6 {[%clk 1:24:20]} 9. Bb3 {[%clk 1:24:01]} e6 {[%clk
1:21:56]} 10. f3 {[%clk 1:20:16]} Bf5 {[%clk 1:22:03]} 11. Bd2 {[%clk 1:17:28]}
Bd6 {[%clk 1:16:50]} 12. Qf2 {[%clk 1:17:22]} Qc7 {[%clk 1:15:00]} 13. O-O-O
{[%clk 1:14:23]} a5 {[%clk 1:10:51]} 14. a4 {[%clk 1:12:42]} Nbd5 {[%clk
1:09:57]} 15. g4 {[%clk 1:11:59]} Bg6 {[%clk 1:10:04]} 16. g5 {[%clk 1:09:52]}
Nxc3 {[%clk 1:08:20]} 17. Nxc3 {[%clk 1:07:57]} Nd5 {[%clk 1:08:40]} 18. Ne4
{[%clk 1:06:01]} b5 {[%clk 1:07:54]} 19. Nxd6+ {[%clk 1:02:14]} Qxd6 {[%clk
1:08:20]} 20. Qg3 {[%clk 1:00:37]} Qd7 {[%clk 1:07:10]} 21. Rde1 {[%clk
0:57:12]} bxa4 {[%clk 1:00:54]} 22. Bxa4 {[%clk 0:57:05]} Nb6 {[%clk 0:58:44]}
23. Bb3 {[%clk 0:56:56]} a4 {[%clk 0:59:09]} 24. Ba2 {[%clk 0:57:07]} a3 {[%clk
0:57:57]} 25. Qe5 {[%clk 0:55:15]} axb2+ {[%clk 0:58:00]} 26. Kxb2 {[%clk
0:55:10]} Qa7 {[%clk 0:58:03]} 0-1

[Event "DVM U16 2016"]
[Site "Neumarkt in der Oberpfalz GER"]
[Date "2016.12.27"]
[Round "2"]
[White "von Schlippe, Nikolai"]
[Black "Sinnhöfer, Jonas"]
[Result "1-0"]
[Termination "normal"]
[Board "1.2"]
[WhiteElo "2114"]
[BlackElo "1905"]
[WhiteClock "00:25:11"]
[BlackClock "01:10:16"]
[WhiteTeam "SK Gräfelfing"]
[BlackTeam "Delmenhorster SK"]
[PlyCount "53"]
[WhiteFideId "12928135"]
[BlackFideId "12982938"]
[EventCountry "GER"]
[EventRounds "7"]
[EventType "team-swiss"]
[EventDate "2016.12.26"]

1. e4 {[%clk 1:30:56]} e5 {[%clk 1:30:48]} 2. Nf3 {[%clk 1:31:13]} Nc6 {[%clk
1:31:08]} 3. Bb5 {[%clk 1:31:38]} a6 {[%clk 1:31:28]} 4. Ba4 {[%clk 1:32:03]}
Nf6 {[%clk 1:31:37]} 5. O-O {[%clk 1:31:54]} b5 {[%clk 1:32:01]} 6. Bb3 {[%clk
1:32:18]} d6 {[%clk 1:32:23]} 7. Re1 {[%clk 1:32:33]} Be7 {[%clk 1:32:45]} 8.
c3 {[%clk 1:32:31]} O-O {[%clk 1:33:05]} 9. h3 {[%clk 1:32:55]} Be6 {[%clk
1:32:44]} 10. Bc2 {[%clk 1:32:54]} Re8 {[%clk 1:32:29]} 11. d4 {[%clk 1:32:18]}
exd4 {[%clk 1:32:51]} 12. cxd4 {[%clk 1:32:37]} d5 {[%clk 1:33:10]} 13. e5
{[%clk 1:29:24]} Nd7 {[%clk 1:33:10]} 14. Nc3 {[%clk 1:23:55]} Na5 {[%clk
1:30:36]} 15. a3 {[%clk 1:21:47]} Rb8 {[%clk 1:29:16]} 16. Nh2 {[%clk 1:08:59]}
Nc6 {[%clk 1:21:40]} 17. Ne2 {[%clk 1:07:21]} Bf8 {[%clk 1:20:29]} 18. f4
{[%clk 1:01:20]} f5 {[%clk 1:19:06]} 19. Kh1 {[%clk 0:59:04]} Nb6 {[%clk
1:13:16]} 20. g4 {[%clk 0:53:04]} g6 {[%clk 1:11:54]} 21. Rg1 {[%clk 0:48:45]}
Bg7 {[%clk 1:10:26]} 22. gxf5 {[%clk 0:44:50]} gxf5 {[%clk 1:10:04]} 23. Ng3
{[%clk 0:43:58]} Rf8 {[%clk 1:09:46]} 24. Nh5 {[%clk 0:25:18]} Rf7 {[%clk
1:10:03]} 25. Nf3 {[%clk 0:25:01]} h6 {[%clk 1:10:24]} 26. Rg6 {[%clk 0:25:00]}
Qd7 {[%clk 1:10:16]} 27. Nf6+ {[%clk 0:25:11]} 1-0

[Event "DVM U16 2016"]
[Site "Neumarkt in der Oberpfalz GER"]
[Date "2016.12.27"]
[Round "2"]
[White "Yaroshenko, Yaroslav"]
[Black "Petri, Ben-Luca"]
[Result "0-1"]
[Termination "normal"]
[Board "1.3"]
[WhiteElo "1684"]
[BlackElo "1709"]
[WhiteClock "00:04:35"]
[BlackClock "00:21:36"]
[WhiteTeam "SK Gräfelfing"]
[BlackTeam "Delmenhorster SK"]
[PlyCount "87"]
[WhiteFideId "12947261"]
[BlackFideId "16204905"]
[EventCountry "GER"]
[EventRounds "7"]
[EventType "team-swiss"]
[EventDate "2016.12.26"]

1. e4 {[%clk 1:30:58]} d6 {[%clk 1:30:57]} 2. d4 {[%clk 1:30:57]} g6 {[%clk
1:31:23]} 3. Nc3 {[%clk 1:31:07]} Bg7 {[%clk 1:31:39]} 4. f4 {[%clk 1:31:12]}
Nf6 {[%clk 1:29:26]} 5. Nf3 {[%clk 1:31:24]} Nbd7 {[%clk 1:27:52]} 6. e5 {[%clk
1:27:01]} dxe5 {[%clk 1:26:59]} 7. dxe5 {[%clk 1:22:47]} Ng8 {[%clk 1:27:08]}
8. Bc4 {[%clk 1:22:07]} e6 {[%clk 1:27:03]} 9. O-O {[%clk 1:21:54]} Ne7 {[%clk
1:26:51]} 10. Be3 {[%clk 1:19:21]} O-O {[%clk 1:25:37]} 11. Ne4 {[%clk
1:16:14]} Nf5 {[%clk 1:22:55]} 12. Bf2 {[%clk 1:14:09]} b6 {[%clk 1:21:00]} 13.
Qe2 {[%clk 1:12:51]} Bb7 {[%clk 1:16:45]} 14. Rad1 {[%clk 1:11:04]} Qe7 {[%clk
1:11:39]} 15. Bd3 {[%clk 1:01:31]} Rfc8 {[%clk 0:56:52]} 16. c3 {[%clk
0:58:45]} Re8 {[%clk 0:40:51]} 17. Kh1 {[%clk 0:55:35]} Kh8 {[%clk 0:40:35]}
18. g4 {[%clk 0:55:38]} Nh6 {[%clk 0:40:02]} 19. h3 {[%clk 0:54:37]} Ng8 {[%clk
0:36:37]} 20. Kh2 {[%clk 0:53:05]} f5 {[%clk 0:35:19]} 21. gxf5 {[%clk
0:47:12]} gxf5 {[%clk 0:34:25]} 22. Ned2 {[%clk 0:47:04]} Qf7 {[%clk 0:31:09]}
23. Ng5 {[%clk 0:47:06]} Qe7 {[%clk 0:25:48]} 24. Qh5 {[%clk 0:46:38]} Nh6
{[%clk 0:19:00]} 25. Bh4 {[%clk 0:43:35]} Qf8 {[%clk 0:17:20]} 26. Bc4 {[%clk
0:43:15]} Qg8 {[%clk 0:16:57]} 27. Nb3 {[%clk 0:42:50]} Nf8 {[%clk 0:16:57]}
28. Nd4 {[%clk 0:42:10]} c5 {[%clk 0:15:49]} 29. Nb5 {[%clk 0:41:45]} Re7
{[%clk 0:11:52]} 30. Nd6 {[%clk 0:37:31]} Rb8 {[%clk 0:09:19]} 31. Rg1 {[%clk
0:27:15]} Ng6 {[%clk 0:08:35]} 32. Bg3 {[%clk 0:22:42]} Bf8 {[%clk 0:05:31]}
33. Nxb7 {[%clk 0:22:28]} Rbxb7 {[%clk 0:05:21]} 34. Rd6 {[%clk 0:21:27]} Rg7
{[%clk 0:04:13]} 35. Bxe6 {[%clk 0:21:29]} Nf7 {[%clk 0:04:25]} 36. Nxf7+
{[%clk 0:20:33]} Rbxf7 {[%clk 0:04:29]} 37. Bxf7 {[%clk 0:20:37]} Qxf7 {[%clk
0:04:48]} 38. Rf6 {[%clk 0:20:25]} Qxa2 {[%clk 0:04:27]} 39. Qxf5 {[%clk
0:20:30]} Qxb2+ {[%clk 0:04:02]} 40. Rg2 {[%clk 0:20:51]} Qxc3 {[%clk 0:03:54]}
41. Rxf8+ {[%clk 0:20:58]} Nxf8 {[%clk 0:04:02]} 42. Qxf8+ {[%clk 0:21:27]} Rg8
{[%clk 0:04:10]} 43. Qf6+ {[%clk 0:21:29]} Rg7 {[%clk 0:04:35]} 44. Bh4 {[%clk
0:21:36]} 1-0

[Event "DVM U16 2016"]
[Site "Neumarkt in der Oberpfalz GER"]
[Date "2016.12.27"]
[Round "2"]
[White "Khamenya, Vitalia"]
[Black "Amler, Nick"]
[Result "1-0"]
[Termination "normal"]
[Board "1.4"]
[WhiteElo "1562"]
[BlackElo "1758"]
[WhiteClock "00:28:59"]
[BlackClock "00:35:05"]
[WhiteTeam "SK Gräfelfing"]
[BlackTeam "Delmenhorster SK"]
[PlyCount "69"]
[WhiteFideId "12959260"]
[BlackFideId "12930539"]
[EventCountry "GER"]
[EventRounds "7"]
[EventType "team-swiss"]
[EventDate "2016.12.26"]

1. d4 {[%clk 1:30:50]} d5 {[%clk 1:30:51]} 2. Nf3 {[%clk 1:31:10]} e6 {[%clk
1:31:06]} 3. e3 {[%clk 1:31:23]} Nf6 {[%clk 1:31:16]} 4. Bd3 {[%clk 1:31:42]}
Nbd7 {[%clk 1:30:50]} 5. Nbd2 {[%clk 1:30:02]} Bd6 {[%clk 1:27:50]} 6. b3
{[%clk 1:30:05]} b6 {[%clk 1:27:39]} 7. Bb2 {[%clk 1:30:20]} Bb7 {[%clk
1:28:03]} 8. Ne5 {[%clk 1:29:25]} c5 {[%clk 1:26:05]} 9. O-O {[%clk 1:29:26]}
Qc7 {[%clk 1:24:51]} 10. f4 {[%clk 1:28:47]} Rc8 {[%clk 1:15:21]} 11. g4 {[%clk
1:21:39]} Be7 {[%clk 1:13:54]} 12. g5 {[%clk 1:19:27]} Ne4 {[%clk 1:12:09]} 13.
Bb5 {[%clk 1:18:32]} Rd8 {[%clk 1:10:58]} 14. Bxd7+ {[%clk 1:17:27]} Rxd7
{[%clk 1:11:20]} 15. Nxd7 {[%clk 1:16:46]} Qxd7 {[%clk 1:10:10]} 16. Nxe4
{[%clk 1:16:02]} dxe4 {[%clk 1:09:10]} 17. dxc5 {[%clk 1:15:11]} Qc7 {[%clk
1:07:35]} 18. cxb6 {[%clk 1:12:13]} Qxb6 {[%clk 1:07:40]} 19. Qd2 {[%clk
1:09:07]} f6 {[%clk 1:02:13]} 20. Rad1 {[%clk 1:06:47]} Bc6 {[%clk 1:02:19]}
21. h4 {[%clk 1:04:41]} h6 {[%clk 1:01:07]} 22. g6 {[%clk 0:55:31]} h5 {[%clk
1:00:24]} 23. c4 {[%clk 0:53:58]} Rh6 {[%clk 1:00:28]} 24. Bd4 {[%clk 0:51:20]}
Rxg6+ {[%clk 1:00:24]} 25. Kf2 {[%clk 0:51:17]} Qc7 {[%clk 0:58:47]} 26. Rg1
{[%clk 0:50:52]} Rxg1 {[%clk 0:56:36]} 27. Rxg1 {[%clk 0:51:18]} g5 {[%clk
0:54:22]} 28. hxg5 {[%clk 0:50:24]} fxg5 {[%clk 0:54:14]} 29. Be5 {[%clk
0:49:59]} Qb7 {[%clk 0:53:22]} 30. fxg5 {[%clk 0:48:07]} Bb4 {[%clk 0:53:28]}
31. Qd4 {[%clk 0:44:04]} Qf7+ {[%clk 0:51:36]} 32. Bf4 {[%clk 0:43:07]} Qf5
{[%clk 0:40:14]} 33. Qh8+ {[%clk 0:36:05]} Kd7 {[%clk 0:40:23]} 34. Qd4+ {[%clk
0:30:59]} Kc8 {[%clk 0:35:05]} 35. Qe5 {[%clk 0:28:59]} 1-0

[Event "DVM U16 2016"]
[Site "Neumarkt in der Oberpfalz GER"]
[Date "2016.12.27"]
[Round "2"]
[White "Schnabel, Bennett"]
[Black "Balazs, Balint"]
[Result "1-0"]
[Termination "normal"]
[Board "2.1"]
[WhiteElo "2043"]
[BlackElo "2084"]
[WhiteClock "01:24:27"]
[BlackClock "01:11:42"]
[WhiteTeam "SV Mattnetz Berlin"]
[BlackTeam "Hagener SV"]
[PlyCount "29"]
[WhiteFideId "12943290"]
[BlackFideId "12922757"]
[EventCountry "GER"]
[EventRounds "7"]
[EventType "team-swiss"]
[EventDate "2016.12.26"]

1. e4 {[%clk 1:30:29]} g6 {[%clk 1:30:15]} 2. d4 {[%clk 1:30:15]} Bg7 {[%clk
1:30:38]} 3. f4 {[%clk 1:30:06]} d6 {[%clk 1:29:45]} 4. Nc3 {[%clk 1:30:12]}
Nf6 {[%clk 1:23:26]} 5. Nf3 {[%clk 1:30:26]} O-O {[%clk 1:23:46]} 6. Be3 {[%clk
1:30:42]} Ng4 {[%clk 1:21:27]} 7. Bg1 {[%clk 1:30:59]} e5 {[%clk 1:20:35]} 8.
dxe5 {[%clk 1:29:53]} dxe5 {[%clk 1:17:04]} 9. h3 {[%clk 1:30:09]} Nf6 {[%clk
1:15:40]} 10. Qxd8 {[%clk 1:28:36]} Rxd8 {[%clk 1:16:03]} 11. Nxe5 {[%clk
1:29:00]} Nbd7 {[%clk 1:13:47]} 12. O-O-O {[%clk 1:28:09]} Nh5 {[%clk 1:11:57]}
13. Bh2 {[%clk 1:23:43]} Bxe5 {[%clk 1:11:18]} 14. fxe5 {[%clk 1:24:07]} Re8
{[%clk 1:11:42]} 15. Nd5 {[%clk 1:24:27]} 1-0

[Event "DVM U16 2016"]
[Site "Neumarkt in der Oberpfalz GER"]
[Date "2016.12.27"]
[Round "2"]
[White "Laubrock, Paul"]
[Black "Hesse, Henrik"]
[Result "0-1"]
[Termination "normal"]
[Board "2.2"]
[WhiteElo "1931"]
[BlackElo "1932"]
[WhiteClock "00:41:10"]
[BlackClock "00:06:00"]
[WhiteTeam "Hagener SV"]
[BlackTeam "SV Mattnetz Berlin"]
[PlyCount "70"]
[WhiteFideId "1270509"]
[BlackFideId "12952060"]
[EventCountry "GER"]
[EventRounds "7"]
[EventType "team-swiss"]
[EventDate "2016.12.26"]

1. e4 {[%clk 1:30:56]} c5 {[%clk 1:29:52]} 2. Nf3 {[%clk 1:31:17]} e6 {[%clk
1:30:16]} 3. d4 {[%clk 1:31:43]} cxd4 {[%clk 1:30:43]} 4. Nxd4 {[%clk 1:32:05]}
Nc6 {[%clk 1:31:10]} 5. Nc3 {[%clk 1:32:28]} Qc7 {[%clk 1:31:14]} 6. Be3 {[%clk
1:31:29]} a6 {[%clk 1:30:54]} 7. Qd2 {[%clk 1:29:33]} Nf6 {[%clk 1:30:50]} 8.
f3 {[%clk 1:28:30]} Be7 {[%clk 1:28:09]} 9. O-O-O {[%clk 1:25:13]} O-O {[%clk
1:20:16]} 10. g4 {[%clk 1:25:05]} b5 {[%clk 1:20:30]} 11. h4 {[%clk 1:24:27]}
b4 {[%clk 1:11:44]} 12. Nce2 {[%clk 1:23:45]} Na5 {[%clk 0:44:40]} 13. Nf4
{[%clk 1:20:12]} Nc4 {[%clk 0:34:46]} 14. Bxc4 {[%clk 1:20:01]} Qxc4 {[%clk
0:35:12]} 15. Kb1 {[%clk 1:19:50]} d6 {[%clk 0:33:55]} 16. Nde2 {[%clk
1:13:33]} e5 {[%clk 0:32:15]} 17. Nd3 {[%clk 1:10:35]} a5 {[%clk 0:31:14]} 18.
h5 {[%clk 1:09:27]} Be6 {[%clk 0:28:46]} 19. Nec1 {[%clk 1:08:26]} Ne8 {[%clk
0:19:20]} 20. g5 {[%clk 1:05:56]} f5 {[%clk 0:19:42]} 21. g6 {[%clk 0:59:33]}
f4 {[%clk 0:16:58]} 22. gxh7+ {[%clk 0:59:52]} Kxh7 {[%clk 0:16:04]} 23. Qg2
{[%clk 0:57:32]} fxe3 {[%clk 0:11:44]} 24. Qg6+ {[%clk 0:56:57]} Kg8 {[%clk
0:12:11]} 25. Rdg1 {[%clk 0:49:57]} Rf6 {[%clk 0:12:01]} 26. Qg5 {[%clk
0:49:51]} Rc8 {[%clk 0:09:19]} 27. Rh2 {[%clk 0:49:51]} Rc7 {[%clk 0:08:33]}
28. h6 {[%clk 0:49:22]} g6 {[%clk 0:08:58]} 29. f4 {[%clk 0:45:40]} Bf7 {[%clk
0:06:19]} 30. f5 {[%clk 0:45:22]} Qxe4 {[%clk 0:05:35]} 31. h7+ {[%clk
0:44:04]} Kh8 {[%clk 0:06:00]} 32. fxg6 {[%clk 0:40:34]} Rxg6 {[%clk 0:06:22]}
33. Qh5 {[%clk 0:40:52]} Ng7 {[%clk 0:06:04]} 34. Qd1 {[%clk 0:40:47]} Rxg1
{[%clk 0:06:00]} 35. Qxg1 {[%clk 0:41:10]} d5 0-1

[Event "DVM U16 2016"]
[Site "Neumarkt in der Oberpfalz GER"]
[Date "2016.12.27"]
[Round "2"]
[White "Acikel, Mert"]
[Black "Brunner, Sophia"]
[Result "1-0"]
[Termination "normal"]
[Board "2.3"]
[WhiteElo "1902"]
[BlackElo "1619"]
[WhiteClock "00:03:26"]
[BlackClock "01:03:37"]
[WhiteTeam "SV Mattnetz Berlin"]
[BlackTeam "Hagener SV"]
[PlyCount "143"]
[WhiteFideId "12956465"]
[BlackFideId "12960683"]
[EventCountry "GER"]
[EventRounds "7"]
[EventType "team-swiss"]
[EventDate "2016.12.26"]

1. e4 {[%clk 1:30:48]} d5 {[%clk 1:30:56]} 2. exd5 {[%clk 1:31:07]} Qxd5 {[%clk
1:31:18]} 3. Nc3 {[%clk 1:31:21]} Qa5 {[%clk 1:31:44]} 4. Bc4 {[%clk 1:31:23]}
Nf6 {[%clk 1:32:07]} 5. d3 {[%clk 1:31:36]} c6 {[%clk 1:30:57]} 6. Bd2 {[%clk
1:30:18]} Qc7 {[%clk 1:31:12]} 7. Qe2 {[%clk 1:26:46]} Bf5 {[%clk 1:30:12]} 8.
h3 {[%clk 1:20:08]} Nbd7 {[%clk 1:29:53]} 9. g4 {[%clk 1:20:12]} Bg6 {[%clk
1:30:11]} 10. f4 {[%clk 1:20:31]} h6 {[%clk 1:30:13]} 11. Nf3 {[%clk 1:20:41]}
Nb6 {[%clk 1:30:14]} 12. Bb3 {[%clk 1:17:25]} Nfd5 {[%clk 1:28:14]} 13. Nxd5
{[%clk 1:14:40]} Nxd5 {[%clk 1:28:15]} 14. f5 {[%clk 1:14:17]} Qg3+ {[%clk
1:28:07]} 15. Qf2 {[%clk 1:12:38]} Qxf2+ {[%clk 1:27:47]} 16. Kxf2 {[%clk
1:13:06]} Bh7 {[%clk 1:28:05]} 17. Bxd5 {[%clk 1:12:55]} cxd5 {[%clk 1:28:24]}
18. Bc3 {[%clk 1:12:43]} e6 {[%clk 1:26:03]} 19. Rhe1 {[%clk 1:12:20]} Kd7
{[%clk 1:25:28]} 20. Ne5+ {[%clk 1:02:09]} Ke8 {[%clk 1:24:33]} 21. fxe6 {[%clk
1:00:15]} fxe6 {[%clk 1:23:59]} 22. Re2 {[%clk 1:00:24]} Be7 {[%clk 1:23:45]}
23. Nf3 {[%clk 1:00:13]} Kf7 {[%clk 1:23:32]} 24. Rae1 {[%clk 1:00:26]} Bc5+
{[%clk 1:23:01]} 25. Kg2 {[%clk 0:57:57]} Rhe8 {[%clk 1:22:45]} 26. Ne5+ {[%clk
0:47:21]} Ke7 {[%clk 1:22:44]} 27. Nf3 {[%clk 0:46:09]} Kf7 {[%clk 1:23:05]}
28. Nd4 {[%clk 0:33:43]} Bxd4 {[%clk 1:23:06]} 29. Bxd4 {[%clk 0:34:09]} a6
{[%clk 1:23:19]} 30. Kg3 {[%clk 0:33:25]} Rac8 {[%clk 1:23:36]} 31. Kf4 {[%clk
0:33:23]} Rc6 {[%clk 1:23:41]} 32. Ke5 {[%clk 0:33:27]} Kg8 {[%clk 1:22:36]}
33. Rf2 {[%clk 0:33:12]} Bg6 {[%clk 1:22:39]} 34. Ref1 {[%clk 0:32:25]} Rec8
{[%clk 1:21:41]} 35. Bc3 {[%clk 0:32:15]} b5 {[%clk 1:19:05]} 36. h4 {[%clk
0:30:17]} h5 {[%clk 1:18:44]} 37. Rf4 {[%clk 0:25:16]} hxg4 {[%clk 1:18:55]}
38. Rxg4 {[%clk 0:25:39]} Bf5 {[%clk 1:19:19]} 39. Rgf4 {[%clk 0:25:53]} Rc5
{[%clk 1:18:55]} 40. Rd4 {[%clk 0:22:24]} a5 {[%clk 1:18:30]} 41. a3 {[%clk
0:22:43]} Rd8 {[%clk 1:16:15]} 42. Rf2 {[%clk 0:22:54]} a4 {[%clk 1:16:11]} 43.
Kf4 {[%clk 0:20:42]} Kf7 {[%clk 1:14:45]} 44. Rb4 {[%clk 0:20:50]} Rh8 {[%clk
1:14:47]} 45. Ke5 {[%clk 0:19:31]} Rhc8 {[%clk 1:14:00]} 46. d4 {[%clk
0:14:34]} Rc4 {[%clk 1:11:47]} 47. Rxb5 {[%clk 0:14:57]} Kg6 {[%clk 1:11:04]}
48. Rg2+ {[%clk 0:14:39]} Kh6 {[%clk 1:11:04]} 49. Rb7 {[%clk 0:13:31]} g6
{[%clk 1:11:17]} 50. Bd2+ {[%clk 0:13:43]} g5 {[%clk 1:11:22]} 51. Bxg5+ {[%clk
0:13:51]} Kh5 {[%clk 1:11:36]} 52. c3 {[%clk 0:13:51]} R8c6 {[%clk 1:11:12]}
53. Bf6 {[%clk 0:13:04]} Rc7 {[%clk 1:11:15]} 54. Rg7 {[%clk 0:12:10]} Rxg7
{[%clk 1:10:44]} 55. Rxg7 {[%clk 0:12:29]} Rc6 {[%clk 1:10:55]} 56. Rb7 {[%clk
0:12:18]} Kg6 {[%clk 1:10:29]} 57. Rb8 {[%clk 0:11:39]} Rc7 {[%clk 1:09:55]}
58. Rb4 {[%clk 0:07:49]} Rc4 {[%clk 1:09:10]} 59. Rb7 {[%clk 0:04:26]} Rc6
{[%clk 1:08:42]} 60. Rb8 {[%clk 0:02:56]} Rc7 {[%clk 1:08:58]} 61. Bg5 {[%clk
0:02:38]} Kh5 {[%clk 1:04:58]} 62. Kd6 {[%clk 0:02:21]} Rc4 {[%clk 1:05:13]}
63. Rb4 {[%clk 0:01:32]} Kg6 {[%clk 1:01:14]} 64. Rxc4 {[%clk 0:01:38]} dxc4
{[%clk 1:01:37]} 65. Kc5 {[%clk 0:02:02]} Bc2 {[%clk 1:01:52]} 66. Kxc4 {[%clk
0:02:25]} Bb3+ {[%clk 1:02:19]} 67. Kc5 {[%clk 0:02:46]} Kf5 {[%clk 1:02:40]}
68. c4 {[%clk 0:02:37]} Ke4 {[%clk 1:02:53]} 69. Bf6 {[%clk 0:02:37]} Kf5
{[%clk 1:03:09]} 70. Be5 {[%clk 0:02:54]} Kg4 {[%clk 1:03:23]} 71. Kb5 {[%clk
0:03:05]} Kxh4 {[%clk 1:03:37]} 72. c5 {[%clk 0:03:26]} 1-0

[Event "DVM U16 2016"]
[Site "Neumarkt in der Oberpfalz GER"]
[Date "2016.12.27"]
[Round "2"]
[White "Scheidt, Mike Niklas"]
[Black "Petersen, Marcel"]
[Result "0-1"]
[Termination "normal"]
[Board "2.4"]
[WhiteElo "1580"]
[BlackElo "1638"]
[WhiteClock "00:47:08"]
[BlackClock "01:24:51"]
[WhiteTeam "Hagener SV"]
[BlackTeam "SV Mattnetz Berlin"]
[PlyCount "42"]
[WhiteFideId "12965235"]
[BlackFideId "12935670"]
[EventCountry "GER"]
[EventRounds "7"]
[EventType "team-swiss"]
[EventDate "2016.12.26"]

1. d4 {[%clk 1:30:48]} d5 {[%clk 1:30:57]} 2. Bf4 {[%clk 1:30:35]} e6 {[%clk
1:31:18]} 3. Nf3 {[%clk 1:30:35]} Bd6 {[%clk 1:31:23]} 4. e3 {[%clk 1:30:49]}
Bxf4 {[%clk 1:31:21]} 5. exf4 {[%clk 1:31:12]} f5 {[%clk 1:31:16]} 6. Ne5
{[%clk 1:31:19]} Nf6 {[%clk 1:31:35]} 7. Nd2 {[%clk 1:31:20]} O-O {[%clk
1:31:28]} 8. Be2 {[%clk 1:30:36]} Ne4 {[%clk 1:31:31]} 9. Ndf3 {[%clk 1:29:47]}
Nd7 {[%clk 1:31:15]} 10. c3 {[%clk 1:27:21]} c5 {[%clk 1:29:25]} 11. O-O {[%clk
1:11:10]} c4 {[%clk 1:29:37]} 12. Re1 {[%clk 1:03:11]} b5 {[%clk 1:28:09]} 13.
a4 {[%clk 0:59:40]} Qb6 {[%clk 1:27:16]} 14. Qc2 {[%clk 0:59:44]} a5 {[%clk
1:25:31]} 15. Ra2 {[%clk 0:48:00]} b4 {[%clk 1:25:18]} 16. Rb1 {[%clk 0:48:03]}
b3 {[%clk 1:25:39]} 17. Qc1 {[%clk 0:46:44]} bxa2 {[%clk 1:26:03]} 18. Ra1
{[%clk 0:47:05]} Rb8 {[%clk 1:23:47]} 19. Rxa2 {[%clk 0:47:18]} Qb3 {[%clk
1:24:12]} 20. Ra1 {[%clk 0:46:56]} Qxb2 {[%clk 1:24:33]} 21. Qd1 {[%clk
0:47:08]} Nxc3 {[%clk 1:24:51]} 0-1

[Event "DVM U16 2016"]
[Site "Neumarkt in der Oberpfalz GER"]
[Date "2016.12.27"]
[Round "2"]
[White "Delere, Adrian"]
[Black "Neppert, Paul"]
[Result "0-1"]
[Termination "normal"]
[Board "3.2"]
[WhiteElo "1709"]
[BlackElo "1511"]
[WhiteTeam "SC Rochade Emsdetten"]
[BlackTeam "SK Neumarkt"]
[PlyCount "114"]
[WhiteFideId "12990400"]
[BlackFideId "16219414"]
[EventCountry "GER"]
[EventRounds "7"]
[EventType "team-swiss"]
[EventDate "2016.12.26"]

1. e4 e5 2. Nf3 Nc6 3. Nc3 Nf6 4. d4 exd4 5. Nxd4 Bc5 6. Be3 Bb6 7. Qd2 O-O 8.
f3 d6 9. Bc4 Ne5 10. Bb3 c6 11. O-O d5 12. exd5 cxd5 13. Qe2 Re8 14. Rfe1 Nc6
15. Qd2 Rxe3 16. Rxe3 Bxd4 17. Ne2 Bxe3+ 18. Qxe3 Qe7 19. Qd2 Be6 20. Re1 Qb4
21. c3 Qd6 22. Ng3 Rd8 23. Qg5 Na5 24. Bc2 Nc6 25. Qh4 d4 26. Ne4 Nxe4 27. Bxe4
h6 28. cxd4 Qxd4+ 29. Kh1 f5 30. h3 fxe4 31. Rxe4 Qd7 32. b4 Bf5 33. Re1 Qd4
34. Qh5 Qd2 35. Qh4 Qxb4 36. g4 Kh7 37. Rg1 Bg6 38. Qg3 Qa4 39. g5 Rd1 40. gxh6
Rxg1+ 41. Kxg1 Qd1+ 42. Kh2 Qd2+ 43. Kh1 Qxh6 44. f4 Bf5 45. h4 Qg6 46. Qf2
Be4+ 47. Kh2 Qg2+ 48. Qxg2 Bxg2 49. Kxg2 b5 50. Kf3 Kg6 51. Ke4 Nb4 52. a3 Nc2
53. a4 bxa4 54. Kd3 Kf5 55. Kxc2 Kxf4 56. Kb2 Kg4 57. Ka3 Kxh4 0-1

[Event "DVM U16 2016"]
[Site "Neumarkt in der Oberpfalz GER"]
[Date "2016.12.27"]
[Round "2"]
[White "Schilay, Eva"]
[Black "Teschler, Ansgar"]
[Result "1-0"]
[Termination "normal"]
[Board "3.3"]
[WhiteElo "1595"]
[BlackElo "2037"]
[WhiteTeam "SK Neumarkt"]
[BlackTeam "SC Rochade Emsdetten"]
[PlyCount "91"]
[WhiteFideId "12930164"]
[BlackFideId "16231139"]
[EventCountry "GER"]
[EventRounds "7"]
[EventType "team-swiss"]
[EventDate "2016.12.26"]

1. Nc3 c5 2. e4 g6 3. g3 Bg7 4. Bg2 Nc6 5. d3 e6 6. Be3 d6 7. Qd2 Rb8 8. Nge2
Nge7 9. Bh6 O-O 10. O-O b5 11. Bxg7 Kxg7 12. Nd1 Kg8 13. Ne3 d5 14. exd5 exd5
15. c3 d4 16. cxd4 cxd4 17. Nc2 Bb7 18. Rac1 Qb6 19. Rfe1 Rfd8 20. Nf4 a5 21.
a3 Rbc8 22. Re2 Nf5 23. Nd5 Qa7 24. Nf6+ Kg7 25. Ne4 Rc7 26. Na1 Rdc8 27. Nb3
b4 28. Ree1 Ne5 29. Rxc7 Rxc7 30. Rc1 Rxc1+ 31. Nxc1 Qb6 32. Qc2 Ne7 33. Qc5
Qxc5 34. Nxc5 Bxg2 35. Kxg2 Nd5 36. N1b3 bxa3 37. bxa3 a4 38. Nxd4 Kf6 39. Nf3
Nxf3 40. Kxf3 Ke5 41. Nxa4 Kd4 42. Nb2 f5 43. g4 Kc3 44. Nd1+ Kxd3 45. gxf5
gxf5 46. Ne3 1-0

[Event "DVM U16 2016"]
[Site "Neumarkt in der Oberpfalz GER"]
[Date "2016.12.27"]
[Round "2"]
[White "Hoppe, Nico"]
[Black "Hierl, Johannes"]
[Result "1-0"]
[Termination "normal"]
[Board "3.4"]
[WhiteElo "1564"]
[BlackElo "1226"]
[WhiteTeam "SC Rochade Emsdetten"]
[BlackTeam "SK Neumarkt"]
[PlyCount "44"]
[WhiteFideId "16225520"]
[BlackFideId "16235096"]
[EventCountry "GER"]
[EventRounds "7"]
[EventType "team-swiss"]
[EventDate "2016.12.26"]

1. e4 e5 2. Nf3 Nc6 3. Bc4 Bc5 4. c3 Nf6 5. d4 exd4 6. e5 d5 7. Bb5 Ng4 8. cxd4
Bb6 9. h3 Nh6 10. Nc3 Nf5 11. O-O O-O 12. Bg5 Nce7 13. g4 Nh6 14. Qd2 Nxg4 15.
hxg4 Bxg4 16. Bxe7 Qxe7 17. Nxd5 Qd8 18. Nf6+ Kh8 19. Nxg4 Qd5 20. Qd3 c5 21.
Kg2 cxd4 22. Rh1 g6 1-0